Berlin or Munich - Statistics

General Stats
  • This quiz has been taken 98 times
  • The average score is 10 of 12
Answer Stats
Question Answer % Correct
Is Known For Its Annual Oktoberfest Munich
100%
Is On The Spree River Berlin
97%
Has A Larger Population Berlin
93%
Is The Birthplace Of Currywurst Berlin
93%
Is Home To BMW and Audi Munich
93%
Has Over 300 Museums Berlin
90%
Was The Location Of The 1972 Summer Olympics Munich
87%
Hosted The 2006 World Cup Berlin
80%
Features The Large English Garden Munich
73%
Was Home To Karl Marx (Philosopher) Berlin
67%
Was The Birthplace Of The Nazi Party Munich
67%
Is Home To The Deutsches Museum (German Museum) Munich
53%
No matching quizzes found
Score Distribution
Percent of People with Each Score
Percentile by Number Answered
Your Score History
You have not taken this quiz